Todos os times que já disputaram a Copa do Nordeste. - Statistics

Estatísticas Gerais
  • Esse quiz foi jogado 227 vezes
  • A pontuação média é 32 de 56
Estatísticas das Respostas
Estado Resposta % Correto
Bahia Bahia
99%
Ceará Fortaleza
96%
Bahia Vitória
96%
Ceará Ceará
95%
Alagoas CRB
94%
Alagoas CSA
94%
Paraíba Santa Cruz
92%
Pernambuco Santa Cruz
92%
Rio Grande do Norte ABC
91%
Rio Grande do Norte América
91%
Pernambuco Náutico
91%
Maranhão Sampaio Corrêa
91%
Pernambuco Sport
91%
Sergipe Sergipe
85%
Paraíba Botafogo
84%
Maranhão Moto Club
83%
Alagoas ASA
80%
Paraíba Campinense
80%
Sergipe Confiança
79%
Paraíba Treze
78%
Bahia Fluminense
75%
Piauí River
75%
Ceará Ferroviário
73%
Pernambuco Salgueiro
73%
Piauí Flamengo
68%
Bahia Juazeirense
66%
Piauí Altos
58%
Rio Grande do Norte Globo
57%
Maranhão Imperatriz
55%
Bahia Vitória da Conquista
54%
Sergipe Itabaiana
53%
Alagoas Coruripe
48%
Ceará Guarany
48%
Paraíba Sousa
47%
Rio Grande do Norte Potiguar
44%
Piauí Piauí
42%
Alagoas Corinthians
39%
Pernambuco Porto
39%
Bahia Juazeiro
34%
Ceará Juazeiro
34%
Piauí Parnahyba
34%
Ceará Uniclinic
30%
Rio Grande do Norte Baraúnas
29%
Alagoas Cruzeiro
25%
Sergipe Frei Paulistano
25%
Sergipe Lagartense
22%
Bahia Feirense
19%
Sergipe Estanciano
18%
Maranhão Cordino
17%
Bahia Palmeiras
17%
Bahia Poções
16%
Bahia Serrano
15%
Alagoas Capela
12%
Sergipe Socorrense
12%
Sergipe Coritiba
11%
Alagoas Miguelense
11%
Nenhum quiz correspondente encontrado
Distribuição das Pontuações
Porcentagem de Pessoas com Cada Pontuação
Percentil de Números Respondidos
Sua Pontuação Histórica
Você não jogou esse quiz